000 00505nam a2200169 a 4500
005 20260428111554.0
008 260427s2004##################000#0#eng##
020 _a9783631509807
082 0 4 _a382.0903
_bBEE
245 _aSpinning the commercial web
_c/ Margrit Schulte Beerbühl , Jörg Vögele
260 _bPeter Lang Pub Incorporated,
_c2004.
300 _a395 pages
650 0 _aEducation.
700 _aedited by Beerbühl, Margrit Schulte
700 _aVögele, Jörg
942 _cENGLISH
999 _c620057
_d620057